000 00558nam a22002052 4500
001 0000020803
005 20151217152222.0
008 111018s xx 000 0 eng d
020 _a0471225800 :
040 _aKABU
_cKABU
100 1 _aHill, Sam.
_@0000181375
245 1 0 _aSixty trends in sixty minutes /
_cSam Hill.
250 _a1st ed.
260 _aHoboken, NJ :
_bJ. Wiley,
_c2002.
300 _a282 p.
650 0 _aBusiness.
_@0000149956
852 1 _9p500 KES
908 _a111018
950 _@1
999 _c9508
_d9508